000 00375cam a2200145ua 4500
041 _amal
_h
082 _a894.812308
_bRAM/KU
100 _aRama Warrier, S .
245 _aKusumolsavam /
_cS Rama Warrier.
_hTextual Documents
260 _aQuilon :
_bSree Rama Vilasam Press & Book Depot ,
_c1960.
300 _a260 ; .
504 _a
942 _cBK
999 _c4522
_d4522